قورينا وأبولونيا : دليل تاريخي ووصف عام لآثار المدينتين

Saved in:

Main Author: Judtshayilda, ra. ji..

Format: Book

Language: Undetermined

Published: Tarabuls, Libya : iidarat albuhuth alathrit,, 1970.

Tags: Add Tag

No Tags, Be the first to tag this record!

Call Number: DT221 .G642

LEADER 00492nam a2200145Ia 4500
008 240329s9999||||xx |||||||||||||| ||und||
050 4 |a DT221 .G642 
100 1 |a Judtshayilda, ra. ji.. 
245 1 0 |a قورينا وأبولونيا : دليل تاريخي ووصف عام لآثار المدينتين  |c Judtshayilda, ra. ji. 
264 1 |a Tarabuls, Libya :  |b iidarat albuhuth alathrit,,  |c 1970. 
300 |a 170  |c 17 
500 |a Arab Union Catalog 
500 |a Arabic 
942 |2 lcc  |c BK 
999 |c 57832  |d 57832